Good Housekeeping eating for a healthy heart / (Record no. 136182)

MARC details
000 -LEADER
fixed length control field 00772nam a22002177a 4500
010 ## - LIBRARY OF CONGRESS CONTROL NUMBER
LC control number 928892
020 ## - INTERNATIONAL STANDARD BOOK NUMBER
International Standard Book Number 0852231059
035 ## - SYSTEM CONTROL NUMBER
System control number 928892
037 ## - SOURCE OF ACQUISITION
Stock number Cen Lib/Ret
040 ## - CATALOGING SOURCE
Original cataloging agency DPL
Language of cataloging EN
082 ## - DEWEY DECIMAL CLASSIFICATION NUMBER
Classification number 641.1
Item number GOD
110 ## - MAIN ENTRY--CORPORATE NAME
Subordinate unit Great Britain. Good Housekeeping Institute
9 (RLIN) 113315
245 ## - TITLE STATEMENT
Title Good Housekeeping eating for a healthy heart /
Remainder of title by Good Housekeeping Institute (Great Britain)
260 ## - PUBLICATION, DISTRIBUTION, ETC. (IMPRINT)
Place of publication, distribution, etc London
Name of publisher, distributor, etc Ebury Press
Date of publication, distribution, etc 1977
270 ## - ADDRESS
Address Chestergate House, Vauxhall Bridge Road
City London
300 ## - PHYSICAL DESCRIPTION
Extent 128p ;
Other physical details 24cm (Hb)
650 ## - SUBJECT ADDED ENTRY--TOPICAL TERM
Topical term or geographic name as entry element Heart -- Diseases -- Diet therapy -- Recipes.
9 (RLIN) 113316
650 ## - SUBJECT ADDED ENTRY--TOPICAL TERM
Topical term or geographic name as entry element Low-cholesterol diet -- Recipes.
9 (RLIN) 113317
650 ## - SUBJECT ADDED ENTRY--TOPICAL TERM
Topical term or geographic name as entry element Heart -- Diseases -- Diet therapy.
9 (RLIN) 113318
942 ## - ADDED ENTRY ELEMENTS (KOHA)
Source of classification or shelving scheme Dewey Decimal Classification
Koha item type English Books
Classification part 641.1
Call number suffix GOD
Holdings
Withdrawn status Lost status Damaged status Not for loan Home library Current library Date acquired Source of acquisition Total Checkouts Full call number Barcode Date last seen Copy number Price effective from Koha item type
        Central Library Central Library 23/12/2015 Cen Lib/Ret   641.1 GOD 928892 23/12/2015 1 23/12/2015 English Books

© Delhi Public Library
Hit Counter
free hit counter